Economics of woodland management (Record no. 102519)

MARC details
000 -LEADER
fixed length control field 00877cam a2200265 4500
008 - FIXED-LENGTH DATA ELEMENTS--GENERAL INFORMATION
fixed length control field 021115n2002 000 0 eng u
020 ## - INTERNATIONAL STANDARD BOOK NUMBER
International Standard Book Number 0906527074
035 ## - SYSTEM CONTROL NUMBER
System control number (Sirsi) u120469
050 ## - LIBRARY OF CONGRESS CALL NUMBER
Classification number 634.92
-- 18
100 ## - MAIN ENTRY--PERSONAL NAME
Personal name Helliwell, D. Rodney
245 ## - TITLE STATEMENT
Title Economics of woodland management
250 ## - EDITION STATEMENT
Edition statement 1988 edition with ammendments
260 ## - PUBLICATION, DISTRIBUTION, ETC.
Place of publication, distribution, etc. Chichester
Name of publisher, distributor, etc. Packard
Date of publication, distribution, etc. 2002
300 ## - PHYSICAL DESCRIPTION
Extent viii,64p.
Dimensions 21cm
350 ## - PRICE (NR) (BK AM CF MU VM SE) [OBSOLETE]
Price 4.99
520 ## - SUMMARY, ETC.
Summary, etc. A practical text on the management of woodland which includes comparisons of forestry and other land uses and the valuation of the benefits of nature conservation and amenity and recreation.
650 ## - SUBJECT ADDED ENTRY--TOPICAL TERM
Topical term or geographic name entry element AMENITY VALUE
650 ## - SUBJECT ADDED ENTRY--TOPICAL TERM
Topical term or geographic name entry element FORESTRY
650 ## - SUBJECT ADDED ENTRY--TOPICAL TERM
Topical term or geographic name entry element FORESTRY MANAGEMENT
650 ## - SUBJECT ADDED ENTRY--TOPICAL TERM
Topical term or geographic name entry element RECREATIONAL USE
650 ## - SUBJECT ADDED ENTRY--TOPICAL TERM
Topical term or geographic name entry element WOODLAND MANAGEMENT
650 ## - SUBJECT ADDED ENTRY--TOPICAL TERM
Topical term or geographic name entry element WOODS
690 ## - LOCAL SUBJECT ADDED ENTRY--TOPICAL TERM (OCLC, RLIN)
Topical term or geographic name as entry element RURAL-AGRICULTURE AND FORESTRY
942 ## - ADDED ENTRY ELEMENTS (KOHA)
Suppress in OPAC 0
Holdings
Withdrawn status Lost status Source of classification or shelving scheme Damaged status Not for loan Home library Current library Shelving location Date acquired Cost, normal purchase price Total Checkouts Full call number Barcode Date last seen Date last checked out Copy number Cost, replacement price Price effective from Koha item type
    Dewey Decimal Classification     London London Pamphlets 29/01/2003 4.24 2 P634.92 HEL 30068173 06/08/2019 29/10/2009 1 4.24 06/08/2019 Book